| 000 | 01214nam0a22002651 4500 | ||
|---|---|---|---|
| 001 | rc\3561000 | ||
| 005 | 20260408055331.0 | ||
| 021 |
_aRU _bРг14577-77 |
||
| 021 |
_aRU _b76-84998 |
||
| 035 | _a(NLR Aleph) 007685706 | ||
| 090 |
_a6586616 _c6586616 |
||
| 100 | _a20130115d1976 |||y0rusy50 ca | ||
| 101 | 0 | _arus | |
| 102 | _aRU | ||
| 105 | _ay z ||||| | ||
| 200 | 1 |
_aНейрососудистая патология органа зрения _eСборник науч. работ _f[Ред. коллегия: ... проф. Р.В. Гургенидзе (отв. ред.)] [и др.] _gМ-во здрав. ГССР. Науч.-мед. о-ва офтальмологов ГССР, АрмССР, АзССР. 1-й съезд офтальмологов Закавказья. Сухуми. 1976 |
|
| 210 |
_aТбилиси _cМецниереба _d1976 |
||
| 215 |
_a246, [6] с. _d20 |
||
| 702 | 1 |
_aГургенидзе _bР.В. _gРеваз Владимирович _4340 |
|
| 712 | 1 | 2 |
_aСъезд офтальмологов Закавказья _d1 _f1976 _eСухуми _3RU\NLR\AUTH\8810202598 _9293231 |
| 801 | 0 |
_aRU _bNLR _gpsbo |
|
| 801 | 1 |
_aRU _bELAR _2rusmarc |
|
| 852 |
_aNLR _j77-3/13174 |
||
| 942 | _cBOOK | ||
| 980 | _aNB | ||